La musique a Paris

Saved in:
Bibliografiske detaljer
Hovedforfatter: Robert, Gustave (Author)
Format: Bog
Sprog:fransk
Udgivet: París Librairie Fischbacher 1895
Fag:
Tags: Tilføj Tag
Ingen Tags, Vær først til at tagge denne postø!

MARC

LEADER 00000nam a2200000 a 4500
001 UCW2387
003 CL-VaPUC
005 20231107150649.0
008 890920e18950000FR |||||||||||||||||fre|d
999 |c 216940  |d 216938 
040 |c Pontificia Universidad Católica de Valparaíso 
082 0 4 |a 780.9034 ROB 1895  |2 21 
100 0 |a Robert, Gustave  |e author  |9 306455 
245 1 3 |a La musique a Paris 
260 |a París  |b Librairie Fischbacher  |c 1895 
300 |a 5 v 
500 |a v.1: 1894-1895: études critiques sur les concerts programmes index des noms cités 
500 |a v.2: 1895-1896: études critiques sur les concerts programmes index des noms cités 
500 |a v.3: 1896-1897: études critiques sur les concerts programmes index des noms cités 
500 |a v.4: 1897-1898: études critiques sur les concerts programmes index des noms cités 
500 |a v.5: 1898-1900: études critiques sur les concerts programmes index des noms cités 
583 |a last modification  |c 19890920 00:00:00  |k Rodrigo Vera 
650 0 |a Música francesa  |9 306438 
942 |c BK  |2 ddc 
945 |d 19890920 00:00:00  |a oaravena 
952 |0 0  |1 0  |4 0  |6 780_903400000000000_ROB_1895  |7 0  |8 A  |9 203365  |a BIBEDU  |b BIBEDU  |d 2019-11-15  |h v.1  |i 2706091  |o 780.9034 ROB 1895  |p 2706091  |r 2022-01-17  |w 2019-11-15  |y BK  |k MUS 
952 |0 0  |1 0  |4 0  |6 780_903400000000000_ROB_1895  |7 0  |8 A  |9 203366  |a BIBEDU  |b BIBEDU  |d 2019-11-15  |h v.2  |i 2706105  |o 780.9034 ROB 1895  |p 2706105  |r 2022-01-17  |w 2019-11-15  |y BK  |k MUS 
952 |0 0  |1 0  |4 0  |6 780_903400000000000_ROB_1895  |7 0  |8 A  |9 203367  |a BIBEDU  |b BIBEDU  |d 2019-11-15  |h v.3  |i 2706113  |o 780.9034 ROB 1895  |p 2706113  |r 2022-01-17  |w 2019-11-15  |y BK  |k MUS 
952 |0 0  |1 0  |4 0  |6 780_903400000000000_ROB_1895  |7 0  |8 A  |9 203368  |a BIBEDU  |b BIBEDU  |d 2019-11-15  |h v.4  |i 2706121  |o 780.9034 ROB 1895  |p 2706121  |r 2022-01-17  |w 2019-11-15  |y BK  |k MUS